000 00232nam a2200097Ia 4500
008 120527s9999 xx 000 0 und d
100 _aADEJUYIGBE, A
245 _aThe making of Political Enigma Vol.1
260 _bO W U
942 _cBK
999 _c25797
_d25797